NFL Pro Bowl Defensive Ends 1990s - Statistics

General Stats
  • This quiz has been taken 5 times
  • The average score is 27 of 71
Answer Stats
Year Team Player % Correct
1998 Packers Reggie White
100%
1997 Packers Reggie White
100%
1996 Packers Reggie White
100%
1995 Packers Reggie White
100%
1994 Packers Reggie White
100%
1993 Packers Reggie White
100%
1992 Eagles Reggie White
100%
1991 Eagles Reggie White
100%
1990 Eagles Reggie White
100%
1998 Bills Bruce Smith
80%
1997 Bills Bruce Smith
80%
1996 Bills Bruce Smith
80%
1995 Bills Bruce Smith
80%
1994 Bills Bruce Smith
80%
1993 Bills Bruce Smith
80%
1992 Bills Bruce Smith
80%
1990 Bills Bruce Smith
80%
1999 Giants Michael Strahan
80%
1998 Giants Michael Strahan
80%
1997 Giants Michael Strahan
80%
1995 Cowboys Charles Haley
60%
1994 Cowboys Charles Haley
60%
1993 Raiders Howie Long
60%
1992 Raiders Howie Long
60%
1997 Broncos Neil Smith
60%
1995 Chiefs Neil Smith
60%
1994 Chiefs Neil Smith
60%
1993 Chiefs Neil Smith
60%
1992 Chiefs Neil Smith
60%
1991 Chiefs Neil Smith
60%
1999 Titans Jevon Kearse
40%
1998 Vikings John Randle
40%
1993 Oilers Sean Jones
40%
1996 Broncos Alfred Williams
20%
1997 49ers Chris Doleman
20%
1995 Falcons Chris Doleman
20%
1993 Vikings Chris Doleman
20%
1992 Vikings Chris Doleman
20%
1990 Vikings Chris Doleman
20%
1998 Saints Joe Johnson
20%
1995 Chargers Leslie O'Neal
20%
1994 Chargers Leslie O'Neal
20%
1993 Chargers Leslie O'Neal
20%
1992 Chargers Leslie O'Neal
20%
1996 Patriots Willie McGinest
20%
1991 Charles Mann
0%
1992 Eagles Clyde Simmons
0%
1991 Eagles Clyde Simmons
0%
1991 Raiders Greg Townsend
0%
1990 Raiders Greg Townsend
0%
1990 Dolphins Jeff Cross
0%
1999 Rams Kevin Carter
0%
1999 Ravens Michael McCrary
0%
1998 Ravens Michael McCrary
0%
1998 Seahawks Michael Sinclair
0%
1997 Seahawks Michael Sinclair
0%
1996 Seahawks Michael Sinclair
0%
1992 49ers Pierce Holt
0%
1993 Bears Richard Dent
0%
1990 Bears Richard Dent
0%
1994 Browns Rob Burnett
0%
1999 Lions Robert Porcher
0%
1997 Lions Robert Porcher
0%
1999 Cardinals Simeon Rice
0%
1999 Jaguars Tony Brackens
0%
1996 Cowboys Tony Tolbert
0%
1994 Saints Wayne Martin
0%
1996 Eagles William Fuller
0%
1995 Eagles William Fuller
0%
1994 Eagles William Fuller
0%
1991 Oilers William Fuller
0%
No matching quizzes found
Score Distribution
Percent of People with Each Score
Percentile by Number Answered
Your Score History
You have not taken this quiz